Loading...
| Fine Arts - Auditory Fine Arts | 6 | 10.00 | 83% | 17% | 0% |
| Fine Arts - Other Fine Arts | 9 | 13.33 | 89% | 33% | 11% |
| Fine Arts - Visual Fine Arts | 4 | 12.50 | 100% | 0% | 25% |
| Geography | 2 | 15.00 | 100% | 50% | 0% |
| History - American History | 4 | 20.00 | 100% | 75% | 25% |
| History - European History | 5 | 22.00 | 100% | 80% | 40% |
| History - Other History | 6 | 20.00 | 100% | 50% | 50% |
| History - World History | 6 | 18.33 | 100% | 67% | 17% |
| Literature - American Literature | 5 | 12.00 | 80% | 40% | 0% |
| Literature - British Literature | 5 | 16.00 | 100% | 40% | 20% |
| Literature - European Literature | 6 | 13.33 | 100% | 33% | 0% |
| Literature - World Literature | 5 | 18.00 | 100% | 60% | 20% |
| Mythology | 3 | 13.33 | 67% | 67% | 0% |
| Other Academic | 3 | 23.33 | 100% | 100% | 33% |
| Philosophy | 5 | 24.00 | 100% | 100% | 40% |
| Religion | 6 | 20.00 | 100% | 83% | 17% |
| Science - Biology | 2 | 15.00 | 100% | 50% | 0% |
| Science - Chemistry | 6 | 21.67 | 100% | 83% | 33% |
| Science - Other Science | 5 | 26.00 | 100% | 100% | 60% |
| Science - Physics | 5 | 22.00 | 100% | 100% | 20% |
| Social Science | 5 | 20.00 | 100% | 60% | 40% |